طبقات المحدثين بأصبهان والواردين عليها / (رقم التسجيلة. 26553)

تفاصيل مارك
000 -LEADER
fixed length control field 00744nam a22002057a 4500
005 - DATE AND TIME OF LATEST TRANSACTION
control field 20251108165400.0
008 - FIXED-LENGTH DATA ELEMENTS--GENERAL INFORMATION
fixed length control field 250721s1989 xx 000 0 ara d
082 14 - DEWEY DECIMAL CLASSIFICATION NUMBER
Classification number م/922.13/شيخ
100 1# - MAIN ENTRY--PERSONAL NAME
Personal name أبو الشيخ، أبو محمد عبد الله بن محمد
245 10 - TITLE STATEMENT
Title طبقات المحدثين بأصبهان والواردين عليها /
264 1# - PRODUCTION, PUBLICATION, DISTRIBUTION, MANUFACTURE, AND COPYRIGHT NOTICE
Place of production, publication, distribution, manufacture بيروت :
Name of producer, publisher, distributor, manufacturer دار الكتب العلمية،
Date of production, publication, distribution, manufacture, or copyright notice 1989.
300 ## - PHYSICAL DESCRIPTION
Extent 4ج في 2 مج
650 17 - SUBJECT ADDED ENTRY--TOPICAL TERM
Topical term or geographic name as entry element الحديث الشريف
650 17 - SUBJECT ADDED ENTRY--TOPICAL TERM
Topical term or geographic name as entry element رواية الحديث
650 17 - SUBJECT ADDED ENTRY--TOPICAL TERM
Topical term or geographic name as entry element التراجم
700 1# - ADDED ENTRY--PERSONAL NAME
Personal name البنداري، عبد الغفار سليمان
Relator term تحقيق
700 1# - ADDED ENTRY--PERSONAL NAME
Personal name حسن، سيد كسروى
Relator term تحقيق
942 ## - ADDED ENTRY ELEMENTS (KOHA)
Source of classification or shelving scheme Dewey Decimal Classification
Koha item type مراجع
المقتنيات
حالة السحب حالة الفقدان مصدر التصنيف حالة التلف غير قابل للإعارة المكتبة الرئيسية المكتبة الحالية موقع الرف تاريخ التزويد الرقم المتسلسل Total Checkouts رقم الإستدعاء الباركود تاريخ آخر ظهور تاريخ الفاتورة نوع المادة (كوها)
    Dewey Decimal Classification   Not For Loan المكتبة المركزية المكتبة المركزية مراجع 06/07/2004 147848   م/922.13/شيخ 147848 28/07/2025 06/07/2004 مراجع
    Dewey Decimal Classification   Not For Loan المكتبة المركزية المكتبة المركزية مراجع 06/07/2004 147849   م/922.13/شيخ 147849 28/07/2025 06/07/2004 مراجع
    Dewey Decimal Classification   Not For Loan مكتبة أم قصير والمقابلين العامة مكتبة أم قصير والمقابلين العامة مراجع 29/10/2014 [ 2598 ]   م/922.13/شيخ PLD00356423 28/07/2025 29/10/2014 مراجع
    Dewey Decimal Classification   Not For Loan مكتبة أم قصير والمقابلين العامة مكتبة أم قصير والمقابلين العامة مراجع 29/10/2014 [ 2597 ]   م/922.13/شيخ PLD00356424 28/07/2025 29/10/2014 مراجع
    Dewey Decimal Classification   Not For Loan مكتبة أم قصير والمقابلين العامة مكتبة أم قصير والمقابلين العامة مراجع 29/10/2014 2596 ]   م/922.13/شيخ PLD00356425 28/07/2025 29/10/2014 مراجع
    Dewey Decimal Classification   Not For Loan مكتبة أم قصير والمقابلين العامة مكتبة أم قصير والمقابلين العامة مراجع 29/10/2014 ]2595 ]   م/922.13/شيخ PLD00356426 28/07/2025 29/10/2014 مراجع
    Dewey Decimal Classification   Not For Loan مكتبة صويلح العامة مكتبة صويلح العامة مراجع 13/10/2019 0002327   م/922.13/شيخ PLD00471515 28/07/2025 13/10/2019 مراجع
    Dewey Decimal Classification   Not For Loan مكتبة صويلح العامة مكتبة صويلح العامة مراجع 13/10/2019 0002328   م/922.13/شيخ PLD00471516 28/07/2025 13/10/2019 مراجع
Implemented & Customized by: BBB with SCIT (Smart Chains for Information Technology)

Powered by Koha